000 00726cam a22002533a 4500
001 29011
003 PGUSA
005 20140828083628.0
008 090531s2009||||xxu|||||s|||||000 | eng d
040 _aPGUSA
_beng
042 _adc
050 4 _aB
100 1 _aAristotle,
_d-384--322
245 1 0 _aΗθικά Νικομάχεια, Τόμος Δεύτερος
_h[electronic resource] /
_cAristotle
260 _bProject Gutenberg,
_c2009
506 _aPublic domain in the USA.
516 _aElectronic text
653 _aEthics
700 1 _aZambas, Kyriakos,
_d1866-
740 0 _aNicomachean Ethics, Vol. 2
830 0 _aProject Gutenberg
_v29011
856 4 0 _uhttp://www.gutenberg.org/ebooks/29011
942 _cEB
999 _c258266
_d258266